| 000 | 01083nac a22003617a 4500 | ||
|---|---|---|---|
| 001 | BR0204812 | ||
| 003 | BR-BrBNA | ||
| 005 | 20240105122719.0 | ||
| 008 | 230509b bl.|||m| |||| 00| 0 por d | ||
| 040 |
_aBR-BrBNA _bpor _cBiblioteca Nacional de Agricultura |
||
| 072 | _aU10 | ||
| 090 | _a1440 BR0204812 | ||
| 100 | 1 | _aBastos, E.A. | |
| 100 | 1 | _aFolegatti, M.V. | |
| 100 | 1 | _aFaria, R.T. de | |
| 100 | 1 | _aAndrade Junior, A.S. de | |
| 100 | 1 | _aCardoso, M.J. | |
| 100 | 1 | _aRodrigues, B.H.N. | |
| 110 | 1 | _aEMBRAPA Meio-Norte, Teresina, PI (Brasil) | |
| 245 | 1 | _aModelagem em feijão caupi (Vigna unguiculata (L.)Walp.) | |
| 260 | 3 |
_aTeresina, PI (Brasil): _c2002. |
|
| 300 | _a43 p. | ||
| 490 |
_aDocumentos - EMBRAPA Meio-Norte (Brazil) _vno. 48 _xISSN 0104-866X |
||
| 500 | _a45 ref.; 14 tables; 7 illus. | ||
| 650 | _aFEIJÃO DE CORDA | ||
| 650 | _aMODELO MATEMÁTICO | ||
| 650 | _aSIMULAÇÃO | ||
| 650 | _aCRESCIMENTO | ||
| 650 | _aPRODUTIVIDADE | ||
| 650 | _aIRRIGAÇÃO | ||
| 909 |
_a202312 _bLúcia Elande _c55 _dLúcia Elande |
||
| 942 |
_2AGRIS _n0 _cMS |
||
| 999 |
_c292464 _d292464 |
||